Służy do ścierania czegoś? - Statystyki

Ogólne statystyki
  • Ten quiz został rozwiązany 20 razy
  • Średni wynik to 2 z 7
Statystyki odpowiedzi
↓ Odpowiedzi ↓ % Poprawnych
Gumka
75%
Szmatka
50%
Mop
38%
Papier ścierny
31%
Pumeks
6%
Szlifierka
6%
Pilniczek
0%
Nie znaleziono quizów pasujących do podanych kryteriów
Rozkład punktacji
Procent ludzi z każdym wynikiem
Percentyl według liczby udzielonych odpowiedzi
Twoja historia wyników
Nie rozwiązałeś tego quizu